000 01323nam a2200253Ia 4500
001 23827
003 GE_BSU
008 181216s||||||||xx |||||||||||||| ||und||
020 _a99940-861-3-8
040 _cGE_BSU
080 _a94(479.22)(042.4)
100 _aსილოგავა, ვალერი., შენგელია, კახა
245 _aსაქართველოს ისტორია : უძველესი დროიდან "ვარდების რევოლუციის" ჩათვლით
245 _bკონსპექტ. სალექციო კურსი
250 _aმე-2, შევსებული და შესწორებული გამოცემა
260 _aთბილისი
260 _bკავკასიის უნ-ტის გამ-ბა
260 _c2007
300 _a412 გვ. : ილ. ; 24 სმ.
300 _eგენეალოგიური ტაბულები: გვ. 324-327. - საძიებლები: გვ. 367-407.
541 _h50ლ. 60თ.
653 _aსაქართველოს ისტორია : უძველესი დროიდან "ვარდების რევოლუციის" ჩათვლით
942 _cBK
999 _c56705
_d56705